=LDR 00000nam 2200000 4500 =001 INLIS000000000008075 =005 20130612100003 =008 ***********************************Ind** =035 ##$$0010-061300000008075 =041 ##$$a Ind =082 ##$$a 530.76 =090 ##$$a 530.76, Bue t =100 ##$$a Bueche, Frederick J =245 ##$$a Teori dan soal-soal fisika, Frederick J Bueche, Ph D; penerjemah, B.Darmawan =260 ##$$a 1989 $b Jakarta =300 ##$$a 382 hlm, ilus, 23 cm =650 ##$$a Fisika =700 ##$$a B. Darmawan =850 ##$$a NBPNMAT